<?xml version='1.0' encoding='UTF-8'?>
  <record xmlns="http://www.loc.gov/MARC21/slim">
    <leader>00000cam a22000007i 4500</leader>
    <controlfield tag="001">ocn204924028</controlfield>
    <controlfield tag="003">OCoLC</controlfield>
    <controlfield tag="005">20241008010923.5</controlfield>
    <controlfield tag="008">070728s1806    ne            000 0 dut d</controlfield>
    <datafield tag="040" ind1=" " ind2=" ">
      <subfield code="a">NLGGC</subfield>
      <subfield code="b">dut</subfield>
      <subfield code="e">fobidrtb</subfield>
      <subfield code="c">NLGGC</subfield>
    </datafield>
    <datafield tag="029" ind1="0" ind2=" ">
      <subfield code="a">NLGGC</subfield>
      <subfield code="b">303800798</subfield>
    </datafield>
    <datafield tag="035" ind1=" " ind2=" ">
      <subfield code="a">(OCoLC)204924028</subfield>
    </datafield>
    <datafield tag="245" ind1="0" ind2="0">
      <subfield code="a">Publicatie. Het Departementaal Bestuur 's Lands van Utrecht, in ervaring gekomen zijnde, dat ... binnen dit Departement, bij het doen der requisitien van wagens en paarden, ter gelegenheid van het vervoeren der benoodigheden voor de armée ... /</subfield>
      <subfield code="c">gedaan, te Utrecht, den 1. October, 1806.</subfield>
    </datafield>
    <datafield tag="260" ind1=" " ind2=" ">
      <subfield code="a">[Te Utrecht] :</subfield>
      <subfield code="b">[bij J. Altheer etc.],</subfield>
      <subfield code="c">[1806]</subfield>
    </datafield>
    <datafield tag="300" ind1=" " ind2=" ">
      <subfield code="a">? ;</subfield>
      <subfield code="c">21 cm.</subfield>
    </datafield>
    <datafield tag="336" ind1=" " ind2=" ">
      <subfield code="a">tekst</subfield>
      <subfield code="b">txt</subfield>
      <subfield code="2">rdacontent/dut</subfield>
    </datafield>
    <datafield tag="337" ind1=" " ind2=" ">
      <subfield code="a">zonder medium</subfield>
      <subfield code="b">n</subfield>
      <subfield code="2">rdamedia/dut</subfield>
    </datafield>
    <datafield tag="338" ind1=" " ind2=" ">
      <subfield code="a">band</subfield>
      <subfield code="b">nc</subfield>
      <subfield code="2">rdacarrier/dut</subfield>
    </datafield>
    <datafield tag="500" ind1=" " ind2=" ">
      <subfield code="a">Gegevens impressum ontleend aan colofon.</subfield>
    </datafield>
    <datafield tag="500" ind1=" " ind2=" ">
      <subfield code="a">Het niet voldoen aan een oproep tot levering van wagens en paarden ten behoeve van vervoer voor het leger wordt strafbaar gesteld.</subfield>
    </datafield>
    <datafield tag="510" ind1="0" ind2=" ">
      <subfield code="a">Catalogus Kloosterboer (ongenummerd)</subfield>
    </datafield>
    <datafield tag="710" ind1="2" ind2=" ">
      <subfield code="a">Utrecht.</subfield>
      <subfield code="b">Departementaal Bestuur 's Lands van Utrecht.</subfield>
    </datafield>
    <datafield tag="776" ind1="0" ind2=" ">
      <subfield code="t">Publicatie. Het Departementaal Bestuur 's Lands van Utrecht, in ervaring gekomen zijnde, dat ... binnen dit Departement, bij het doen der requisitien van wagens en paarden, ter gelegenheid van het vervoeren der benoodigheden voor de armée ...</subfield>
      <subfield code="w">(NL-LeOCL)426194187</subfield>
    </datafield>
    <datafield tag="776" ind1="0" ind2=" ">
      <subfield code="t">Publicatie. Het Departementaal Bestuur 's Lands van Utrecht, in ervaring gekomen zijnde, dat ... binnen dit Departement, bij het doen der requisitien van wagens en paarden, ter gelegenheid van het vervoeren der benoodigheden voor de armée ...</subfield>
      <subfield code="w">(NL-LeOCL)426194195</subfield>
    </datafield>
    <datafield tag="936" ind1=" " ind2=" ">
      <subfield code="a">BATCHLOAD</subfield>
    </datafield>
  </record>